000 01296cam a2200217 4500
001 ##L132488
008 060213n2006 000 0 eng u
035 _a(Sirsi) u132488
041 0 _aeng
050 0 4 _a306.026 $2 18
110 1 _aUnited Kingdom
_bOffice of the Deputy Prime Minister: Gypsy and Traveller Unit
_94880
245 0 0 _aGypsy and traveller accommodation assessments
_bdraft practice guide
260 _aLondon
_bODPM
_c2006
520 _aProvides draft guidance to local authorities to help them understand why they need to carry out accommodation assessments, the issues that they should consider, who the assessment should cover and examples of good practice. The assessment of gypsy and traveller accommodation needs is a statutory requirement under the Housing Act 2004 s225 which amends the Housing Act 1985 s8 and is due to come into force in 2006. S225 also requires local authorities to produce gypsy and traveller accommodation strategies.
590 _aIKA140206
650 2 4 _aHOUSING ACT 2004 S225
650 2 4 _aHOUSING ACT 1985 S8
690 _aPROPERTY-RESIDENTIAL PROPERTY-TEMPORARY AND MOBILE RESIDENTIAL PROPERTY
856 4 0 _uhttps://www.communities.gov.uk/index.asp?id=1163362
_zView the draft guidance free of charge at www.dclg.gov.uk...
942 _n0
999 _c105153
_d105153